000 00673nam a2200205Ia 4500
003 GCL
008 140319s9999 xx 000 0 ara d
040 _aGCL /
_cGCL
082 0 4 _a370.1934
_bع ا
100 1 _aعبدالوهاب بوحديبة
245 1 0 _aانماط تنشئة الطفل اجتماعيا /
_cعبدالوهاب بوحديبة
700 1 _aصالح البكارى
260 _a[S.N] :
_bالدار العربية للكتاب ،
_c1979
300 _a254
490 _aسلسلة العلوم الاجتماعية
_v0
650 0 4 _aالتربية
650 0 4 _aالاطفال
650 0 4 _aالشئون الاجتماعية
942 _2ddc
_cBK
999 _c30678
_d30678